Využívanie alternatívnych energetických zdrojov aktuálne aj na Slovensku

Bibliographic Details
Main Author: Šoltés, Andrej (Author)
Format: Article
Language:Slovak
ISSN:1335-7808
Subjects:

MARC

LEADER 00000nab a2200000 a 4500
001 vtls008953732
003 SK-MaSNL
005 20260426083941.0
008 250505c2006 xo |||||||||||000 b|slo
015 |a SNBRB2007/03  |2 snkbucl 
035 |a (uuid)9093ded7-19ed-45e1-8c2a-b44245d3b2a5 
035 |a urn:nbn:sk:snk-abzjw 
035 |a (urnnbn)urn:nbn:sk:snk:ar-a03mrx 
038 |a SNKBUCL 
040 |a SNKBUCL  |b slo  |c SNKBUCL  |e AACR2 
041 0 |a slo 
044 |a xo  |c SK 
080 |a 620.95:061.3  |x (437.6)  |2 1997 
080 |a 662.767.2  |2 1997 
100 1 |a Šoltés, Andrej  |4 aut  |9 791014 
245 1 0 |a Využívanie alternatívnych energetických zdrojov aktuálne aj na Slovensku  |c Andrej Šoltés 
648 7 |a 2006  |2 snkbucl  |9 313148 
650 0 7 |a alternatívne energetické zdroje  |2 snkbucl  |9 3476 
650 0 7 |a biomasa  |2 snkbucl  |9 4197 
650 0 7 |a bioplyn  |2 snkbucl  |9 16493 
650 0 7 |a semináre  |2 snkbucl  |9 18562 
651 7 |a Slovensko  |2 snkbucl  |9 14231 
773 0 |t Odpady  |g Roč. 6, č. 11 (2006), s. 37  |x 1335-7808 
850 |a Slovenská národná knižnica 
852 |a Slovenská národná knižnica 
954 |a odborná, vedecká literatúra pôvodná (slovenská)  |2 lita 
958 |a article2022 
958 |a SK 
958 |a OND 
958 |a EUIPO 
999 |c 2917469  |d 2919399